000
00296nam a22001337a 4500
008
171124b xxu||||| |||| 00| 0 eng d
020
_a
9780412122316
041
_a
eng
080
_a
615
100
_a
FAR
101
_a
5
245
_a
PRINCIPLES OF PHARMACOLOGY
_c
MUNSON, P.L
942
_2
udc
_c
BK
999
_c
38460
_d
38460